000
00211nam a22000857a 4500
008
161123b xxu||||| |||| 00| 0 eng d
100
_9
1338
_a
RAJ.P.U.
245
_a
A Complete Spoken English
260
_a
New Delhi
_c
1995
999
_c
4049
_d
4049